El matrimonio canónico ante la ley de matrimonio civil: reconocimiento, efectos, nulidad, separación y divorcio
Salvato in:
| Autore principale: | |
|---|---|
| Natura: | Libro |
| Lingua: | spagnolo |
| Pubblicazione: |
Santiago
Legal Publishing
2013
|
| Edizione: | 1a. ed |
| Serie: | Monografías
|
| Soggetti: | |
| Tags: |
Aggiungi Tag
Nessun Tag, puoi essere il primo ad aggiungerne!!
|
MARC
| LEADER | 00000cam a2200000 a 4500 | ||
|---|---|---|---|
| 001 | UCF9569 | ||
| 003 | CL-VaPUC | ||
| 008 | 131129e20131000cl |||||||||||||||||spa|d | ||
| 020 | |a 9789563464122 | ||
| 082 | 0 | 4 | |a 346.83016 |b ASS |2 21 |
| 100 | 0 | |a Assimakópulos Figueroa, Anastasia |e author |9 571937 | |
| 245 | 1 | 3 | |a El matrimonio canónico ante la ley de matrimonio civil: reconocimiento, efectos, nulidad, separación y divorcio |
| 250 | |a 1a. ed | ||
| 300 | |a 408 p | ||
| 942 | |c BK | ||
| 945 | |d 20131129 12:34:00 |a dcastane | ||
| 260 | |a Santiago |b Legal Publishing |c 2013 | ||
| 650 | 7 | |a MATRIMONIO |2 CL-VaPUC |9 571938 | |
| 650 | 7 | |a LEGISLACION |2 CL-VaPUC |9 571939 | |
| 650 | 0 | |a Derecho civil |9 255013 | |
| 650 | 0 | |a Divorcio |9 256204 | |
| 583 | |a last modification |c 20140425 09:51:10 |k Rodrigo Vera | ||
| 490 | 0 | |a Monografías | |
| 999 | |c 354012 |d 354010 | ||
| 952 | |0 0 |1 0 |3 erb |4 0 |6 346_830160000000000_ASS_2013 |7 0 |8 A |9 459637 |a BIBTEO |b BIBTEO |i 5033055 |o 346.83016 ASS 2013 |p 5033055 |r 2025-01-17 |w 2019-11-23 |y BK |z Catalogado en:20131213 |k ICR | ||
| 952 | |0 0 |1 0 |3 erb |4 0 |6 346_830160000000000_ASS_2013 |7 0 |8 A |9 459639 |a BIBDER |b BIBDER |i 5067685 |o 346.83016 ASS 2013 |p 5067685 |r 2023-01-25 |w 2019-11-23 |y BK |z Catalogado en:20140409 |k DER | ||